000 00416nam a2200181Ia 4500
005 20250423095313.0
008 250422s9999 xx 000 0 und d
020 _a9780205562053
050 _aJN 5 .K83/
100 _aKubicek, Paul
245 0 _aEuropean politics
260 _aBoston
260 _bPearson
260 _c2012
300 _a384 p
650 _aEurope--Politics and government.
942 _cBK
999 _c29865
_d29865